000 01365nam a2200373 a 4500
001 ebr10516779
003 CaPaEBR
006 m u
007 cr cn|||||||||
008 980212s1998 vaua sb 001 0 eng d
010 _z 98012675
020 _z1563472627 (alk. paper)
020 _z9781563472626
020 _z9781600861154 (e-book)
040 _aCaPaEBR
_cCaPaEBR
035 _a(OCoLC)300464000
050 1 4 _aTL790
_b.B735 1998eb
082 0 4 _a629.4/1
_221
100 1 _aBrown, Charles D.,
_d1930-
245 1 0 _aSpacecraft mission design
_h[electronic resource] /
_cCharles D. Brown.
250 _a2nd ed.
260 _aReston, Va. :
_bAmerican Institute of Aeronautics and Astronautics,
_cc1998.
300 _axi, 183 p. :
_bill.
490 1 _aAIAA education series
504 _aIncludes bibliographical references and index.
533 _aElectronic reproduction.
_bPalo Alto, Calif. :
_cebrary,
_d2013.
_nAvailable via World Wide Web.
_nAccess may be limited to ebrary affiliated libraries.
630 0 0 _aORBWIN.
650 0 _aSpace flight
_xPlanning.
650 0 _aAstrodynamics.
655 7 _aElectronic books.
_2local
710 2 _aebrary, Inc.
830 0 _aAIAA education series.
856 4 0 _uhttp://site.ebrary.com/lib/rucke/Doc?id=10516779
_zAn electronic book accessible through the World Wide Web; click to view
999 _c224351
_d224351